00741nam a2200157Ia 4500008004100000024005600041082002000097100006400117245008100181260002500262600002100287650003800308856010700346952011300453999001700566250506s9999 xx 000 0 und d a15B-068-BS, 15B-072-BS, 15B-098-BS & 15B-076-BS a005.1452072 AAS aAashir Shahid, Muhammad Ammar, Muhammad Bilal & Salman Arif 0aAndriod Based Virtual Reality Tour Application (Downtown Gwadar) (CODE BOOK) aKarachi:bUIT,c2015 aComputer Science aBachelor of Computer Science (BS) uhttps://drive.google.com/file/d/1uFg2OLnEvDs4VgmpAKfTxHQJAdCTTKIh/view?usp=sharingyClick here for PDF 001040708PR-CSaUITUbUITUd2022-07-26l0o005.1452072 AASpBS-607-Ar2025-05-06 11:34:40w2025-05-06yPR c28884d28884